banner-ar

كيف نفهم سياسات العالم الثالث : (Record no. 61005)

MARC details
000 -الفاتح
حقل البيانات ثابتة الطول 01177nam a22002777a 4500
005 - وقت وتاريخ اخر تعامل مع التسجيلة
رقم الضبط 20240530110439.0
008 - عناصر البيانات ثابتة الطول - معلومات عامة
حقل البيانات ثابتة الطول 150416s2011 ua g b 000 0dara d
017 ## - رقم الايداع القانونى
رقم الايداع القانونى 2011/8305
المصدر ( الهيئة المختصة) مصر . دار الكتب المصرية
020 ## - الرقم الدولى المعيارى للكتب
الرقم الدولى المعيارى للكتاب 9789774218715
040 ## - مصدر الفهرسة
وكالة الفهرسة الأصلية EG-CaGPL
082 04 - رقم تصنيف ديوى العشرى
رقم الطبعة 21
رقم التصنيف 320.9\
رقم المادة س ك
100 1# - المدخل الرئيسى - إسم شخصى
الإسم الشخصى سميث ، بى. سى
الشكل الأكمل للاسم بى. سى سميث
245 10 - بيان العنوان
العنوان كيف نفهم سياسات العالم الثالث :
بقية العنوان نظريات التغيير السياسى والتنمية /
بيان المسئوليه,etc تاليف بى. سى سميث ؛ ترجمة خليل كلفت
250 ## - بيان الطبعة
بيان الطبعة ط1
260 ## - PUBLICATION, DISTRIBUTION, ETC. (IMPRINT)
تاريخ النشر أو التوزيع 2011
300 ## - الوصف المادى
التعداد 611 ص ؛
أبعاد الوعاء 24 سم
490 0# - بيان السلسلة
عنوان السلسلة المشروع القومى للترجمة ؛
رقم المجلد/ التعيين التسلسلي 1871
504 ## - تبصرة ببليوجرافية
تبصرة ببليوجرافية,الخ ببليوجرافية : ص 551 - 609
650 04 - المدخل الاضافى بالموضوع-مصطلح موضوعى
مصطلح موضوعي السياسة
التقسيم الفرعي العام نظريات
650 04 - المدخل الاضافى بالموضوع-مصطلح موضوعى
مصطلح موضوعي العالم الثالث
التقسيم الفرعي العام الاحوال السياسية
650 04 - المدخل الاضافى بالموضوع-مصطلح موضوعى
مصطلح موضوعي العالم الثالث
التقسيم الفرعي العام الحقوق السياسية
650 04 - المدخل الاضافى بالموضوع-مصطلح موضوعى
مصطلح موضوعي النظم السياسية
700 0# - المدخل الاضافى - اسم شخصى
الإسم الشخصى خليل كلفت
الدور مترجم
942 ## - عناصر المدخل الإضافي( كوها)
مصدر التصنيف او مخطط الترفيف Dewey Decimal Classification
Koha [default] item type كتاب
260 ## - PUBLICATION, DISTRIBUTION, ETC. (IMPRINT)
-- القاهرة :
-- المركز القومى للترجمة ،
Holdings
حالة التراجع حالة الفقد حالة تلف ليس للاعارة المكان المؤقت الموقع الحالى تاريخ الاكتساب اجمالي اﻻعارات رقم الطلب الباركود تاريخ اخر مشاهدة تاريخ تفعيل السعر نوع وعاء كوها
        مكتبة القاهرة الكبرى مكتبة القاهرة الكبرى 04/16/2015   320.9\ س ك 160205 04/16/2015 04/16/2015 كتاب

Powered By

EGPV